000 01568nam a2200397 i 4500
001 146473
003 FINmELB
005 20241217182139.0
006 m o u
007 cr cn|||||||||
008 200320s2019 sp ob 000 0 spa d
020 _z9788400105440
020 _a9788400105457 (e-book)
035 _a(OCoLC)1149094247
040 _aFINmELB
_bspa
_erda
_cFINmELB
050 1 4 _aQA641
_bH558 2019
080 _a514.7
082 0 4 _a516.36
_223
100 1 _aHernández Cifre, María de los Ángeles.
245 1 3 _aUn curso de geometría diferencial :
_bteoría, problemas, soluciones y prácticas con ordenador /
_cMaría de los Ángeles Hernández Cifre, José Antonio Pastor González.
250 _a2a. edición.
264 1 _aMadrid :
_bEditorial CSIC,
_c2019.
300 _a1 recurso en línea (378 páginas)
336 _atexto
_btxt
_2rdacontent/spa
337 _acomputadora
_bc
_2rdamedia/spa
338 _arecurso en línea
_bcr
_2rdacarrier/spa
504 _aContiene bibliografía.
588 _aDescripción basada en metadatos suministrados por el editor y otras fuentes.
590 _aRecurso electrónico. Santa Fe, Arg.: elibro, 2019. Disponible vía World Wide Web. El acceso puede estar limitado para las bibliotecas afiliadas a elibro.
650 0 _aGeometry, Differential.
650 4 _aGeometría diferencial.
655 4 _aLibros electrónicos.
700 1 _aPastor González, José Antonio,
_eautor.
797 2 _aelibro, Corp.
856 4 0 _uhttps://elibro.net/ereader/politecnicointernacional/123708
999 _c146473
_d146473